Scandinavian Flags - Statistics

General Stats
  • This quiz has been taken 187 times
  • The average score is 5 of 5
Answer Stats
Picture Answer % Correct
Sweden
99%
Norway
98%
Finland
97%
Denmark
96%
Iceland
94%
No matching quizzes found
Score Distribution
Percent of People with Each Score
Percentile by Number Answered
Your Score History
You have not taken this quiz